|
|
|
|
| LEADER |
01766cas a2200241 a 4500 |
| 001 |
AALejournalIMF016707 |
| 008 |
230101c9999 xx r poo 0 0eng d |
| 020 |
|
|
|c 5.00 USD
|
| 020 |
|
|
|z 9781475542141
|
| 022 |
|
|
|a 1934-7685
|
| 040 |
|
|
|a BD-DhAAL
|c BD-DhAAL
|
| 110 |
2 |
|
|a International Monetary Fund.
|b African Dept.
|
| 245 |
1 |
0 |
|a Gabon :
|b Selected Issues.
|
| 264 |
|
1 |
|a Washington, D.C. :
|b International Monetary Fund,
|c 2016.
|
| 300 |
|
|
|a 1 online resource (25 pages)
|
| 490 |
1 |
|
|a IMF Staff Country Reports
|
| 500 |
|
|
|a <strong>Off-Campus Access:</strong> No User ID or Password Required
|
| 500 |
|
|
|a <strong>On-Campus Access:</strong> No User ID or Password Required
|
| 506 |
|
|
|a Electronic access restricted to authorized BRAC University faculty, staff and students
|
| 520 |
3 |
|
|a This paper discusses impact of the falling oil prices on the Gabon's economy. With oil accounting for roughly 40 percent of its GDP, 45 percent of its government revenues, and nearly 85 percent of its exports in 2014, Gabon's economic growth prospects depend on how it copes with the recent oil-price slumps. Economic performance during major oil-price declines clearly illustrates the vulnerability of Gabon and other oil-dependent countries in sub-Saharan Africa. The recent oil-price slump is bound to generate a major deceleration of Gabon's non-oil economy. Given the strength of the government transmission channel, the authorities should support economic activity (through productive spending) while ensuring fiscal sustainability.
|
| 538 |
|
|
|a Mode of access: Internet
|
| 830 |
|
0 |
|a IMF Staff Country Reports; Country Report ;
|v No. 2016/087
|
| 856 |
4 |
0 |
|z Full text available on IMF
|u http://elibrary.imf.org/view/journals/002/2016/087/002.2016.issue-087-en.xml
|z IMF e-Library
|